লোডিং...

Readings in political History of India Ancient Mediaeval and Modern ed by S P Gupta 1976 /

গ্রন্থ-পঞ্জীর বিবরন
প্রধান লেখক: Majumdar, R. C.
ভাষা:Undetermined
প্রকাশিত: B R Publishing , 1976.
মালা:History and Archaeological series
LEADER 00535nam a2200145Ia 4500
001 88332
008 170722s9999 xx 000 0 und d
100 |a Majumdar, R. C. 
245 |a Readings in political History of India  |b Ancient Mediaeval and Modern ed by S P Gupta 1976 / 
260 |b B R Publishing ,  |c 1976. 
300 |a Ppxii+279,cms25 
490 |a History and Archaeological series 
942 |c GEN 
999 |c 89225  |d 89225 
952 |0 1  |1 0  |4 0  |6 V_21_KM5_L6  |7 0  |9 125165  |a LIB  |b LIB  |d 2017-08-12  |o V2:1.KM5 L6  |p 162422  |r 2017-08-12  |v 85.00  |w 2017-08-12  |y GEN